000
00257nam a2200097Ia 4500
001
759913
005
20250826165138.0
008
250824s9999 xx 000 0 und d
245
0
_a
SİZ GENÇ KALIN
_c
MEHMET C.ÖZ MICHAEL F.ROIZEN
260
_b
KORİDOR YAYINLARI
999
_c
759913
_d
759913